La liberté civile (Record no. 152010)

MARC details
000 -LEADER
campo de control de longitud fija 00659nam a22001815i 4500
001 - NÚMERO DE CONTROL
campo de control 152010
003 - IDENTIFICADOR DE NÚMERO DE CONTROL
campo de control ES-MaACL
005 - FECHA Y HORA DE LA ÚLTIMA TRANSACCIÓN
campo de control 20230906204506.0
008 - DATOS DE LONGITUD FIJA--INFORMACIÓN GENERAL
campo de control de longitud fija 051007s1864 fr | |||||||| ||fre d
040 ## - FUENTE DE CATALOGACIÓN
Centro catalogador/agencia de origen CAM
Lengua de catalogación spa
Centro/agencia transcriptor CAM
100 1# - ENTRADA PRINCIPAL--NOMBRE DE PERSONA
Nombre de persona Bertauld, A.
9 (RLIN) 28423
245 13 - MENCIÓN DEL TÍTULO
Título La liberté civile
Resto del título : nouvelle étude critique sur les publicistes contemporains /
Mención de responsabilidad, etc. par A. Bertauld.
250 ## - MENCION DE EDICION
Mención de edición 2e éd.
260 ## - PUBLICACIÓN, DISTRIBUCIÓN, ETC.
Lugar de publicación, distribución, etc. Paris :
Nombre del editor, distribuidor, etc. Libriarie Académique :
-- Didier et Cie., librairies-éditeurs,
Fecha de publicación, distribución, etc. 1864 (
Fabricante Imp. Simon Raçon et Comp.)
300 ## - DESCRIPCIÓN FÍSICA
Extensión VII, 490 p. ;
Dimensiones 18 cm.
650 #4 - PUNTO DE ACCESO ADICIONAL DE MATERIA--TÉRMINO DE MATERIA
Término de materia o nombre geográfico como elemento de entrada Libertades civiles.
9 (RLIN) 136408
852 ## - LOCALIZACIÓN
Ubicación ES-MaACL
Número de control de estantería G-8038
Nota libre -- Enc. pasta española
Holdings
Estatus retirado Estado de pérdida Estado de daño No para préstamo Colección Biblioteca de origen Biblioteca actual Ubicación en estantería Fecha de adquisición Fuente de adquisición Total de préstamos Signatura topográfica completa Código de barras Visto por última vez Precio de reemplazo Tipo de ítem Koha
        Libros del s. XIX Biblioteca del Ateneo de Madrid Biblioteca del Ateneo de Madrid Sala Pecera Planta 3 17/01/2008     G-8038 1158669 23/02/2023 23/02/2023 Libro impreso antiguo